000 00663cad a22001935a 4500
001 E143644
008 080225s20080417stk f 000 0 eng |
035 _a(Sirsi) u143644
041 0 _aeng
110 2 _aRoyal Institution of Chartered Surveyors
_bScotland
_93082
245 0 0 _aClimate change
_bconsultation on proposals for a Scottish Climate Change Bill
_h[electronic resource]
260 _aEdinburgh
_bRICS Scotland
_c2008
300 _a4p.
_c30cm.
490 _aPPU/REPORT
_v(08)7
520 _a17 April 2008. Response to the Scottish Government.
651 4 _aScotland
_y1999-
690 _aENVIRONMENTAL AND LAND CONSULTANCY-SUSTAINABILITY
942 _n0
999 _c108241
_d108241